Central Library OPAC University of Rajshahi

Chaucer and the making of English poetry / (Record no. 19721)

MARC details
000 -LEADER
fixed length control field 01095nam a2200313 a 4500
001 - CONTROL NUMBER
control field 19721
003 - CONTROL NUMBER IDENTIFIER
rucl marc code BD-RjUL
005 - DATE AND TIME OF LATEST TRANSACTION
control field 20211209000452.0
008 - FIXED-LENGTH DATA ELEMENTS--GENERAL INFORMATION
fixed length control field 140225s1972 enk b 001 0 eng d
020 ## - INTERNATIONAL STANDARD BOOK NUMBER
International Standard Book Number 072503 V-2
International Standard Book Number 070462 V-1
035 ## - SYSTEM CONTROL NUMBER
System control number (BD-RjUL)19782
040 ## - CATALOGING SOURCE
Original cataloging agency LC
Language of cataloging eng
Transcribing agency LC
Modifying agency LC
-- BD-RjUL
041 ## - LANGUAGE CODE
Language code of text/sound track or separate title eng
082 00 - DEWEY DECIMAL CLASSIFICATION NUMBER
Classification number 821.1
Author mark and year KEC V-2 1972
100 1# - MAIN ENTRY--PERSONAL NAME
Personal name Kean, P. M.
Fuller form of name (Patricia Margaret)
9 (RLIN) 60596
245 10 - TITLE STATEMENT
Title Chaucer and the making of English poetry /
Statement of responsibility, etc. by P. M. Kean.
260 ## - PUBLICATION, DISTRIBUTION, ETC. (IMPRINT)
Place of publication, distribution, etc. London ;
-- Boston :
Name of publisher, distributor, etc. Routledge and K. Paul,
Date of publication, distribution, etc. 1972.
300 ## - PHYSICAL DESCRIPTION
Pagination V. ;
Size 24 cm.
504 ## - BIBLIOGRAPHY, ETC. NOTE
Bibliography, etc Includes bibliographical references and index.
505 ## - FORMATTED CONTENTS NOTE
Formatted contents note Vol. 1. Love vision and debate.--V-2. the art of narrative.--
600 10 - SUBJECT ADDED ENTRY--PERSONAL NAME
Personal name Chaucer, Geoffrey,
Dates associated with a name -1400
General subdivision Technique.
650 #0 - SUBJECT ADDED ENTRY--TOPICAL TERM
Topical term or geographic name as entry element Debate poetry, English (Middle)
General subdivision History and criticism.
9 (RLIN) 60598
Topical term or geographic name as entry element Love poetry, English (Middle)
General subdivision History and criticism.
9 (RLIN) 60599
Topical term or geographic name as entry element Narrative poetry, English
General subdivision History and criticism.
9 (RLIN) 60600
942 ## - ADDED ENTRY ELEMENTS (KOHA)
Source of classification or shelving scheme Dewey Decimal Classification
Koha item type Books
Holdings
Lost status Source of classification or shelving scheme Damaged status Not for loan Collection code Permanent Location Current Location Shelving location Date acquired Source of acquisition Cost, normal purchase price Total Checkouts Full call number Date last seen Copy number Koha item type
  Dewey Decimal Classification     Fiction Central Library, University of Rajshahi Central Library, University of Rajshahi   14/06/1977 W. Heffer and sons. 0.00   821.1 KEC V-2 1972 25/02/2014 C-4 Books
  Dewey Decimal Classification     Non-fiction Central Library, University of Rajshahi Central Library, University of Rajshahi   27/12/1975 Jonathan wree & co., London 3.00   821.1 KEC V-1 1972 14/01/2020 C-2 Books
  Dewey Decimal Classification     Non-fiction Central Library, University of Rajshahi Central Library, University of Rajshahi   27/12/1975 Jonathan wree & co., London 3.00   821.1 KEC V-1 1972 14/01/2020 C-3 Books
  Dewey Decimal Classification     Non-fiction Central Library, University of Rajshahi Central Library, University of Rajshahi   17/10/1979 Heffer & sons 4.75   821.1 KEC V-2 1972 15/01/2020 C-5 Books
  Dewey Decimal Classification     Non-fiction Central Library, University of Rajshahi Central Library, University of Rajshahi   17/10/1979 Heffer & sons 4.75   821.1 KEC V-1 1972 15/01/2020 C-4 Books
  Dewey Decimal Classification   Not For Loan Non-fiction Central Library, University of Rajshahi Central Library, University of Rajshahi Reading Room 27/12/1975 Jonathan & Co. 3.00   821.1 KEC V-1 1972 15/01/2020 C-1 Books
  Dewey Decimal Classification     Non-fiction Central Library, University of Rajshahi Central Library, University of Rajshahi   27/12/1975 Jonathan & Co. 3.75   821.1 KEC V-2 1972 15/01/2020 C-3 Books
  Dewey Decimal Classification   Not For Loan Non-fiction Central Library, University of Rajshahi Central Library, University of Rajshahi Reading Room 27/12/1975 Jonathan wree & co., London 3.75   821.1 KEC V-2 1972 15/01/2020 C-1 Books
  Dewey Decimal Classification     Non-fiction Central Library, University of Rajshahi Central Library, University of Rajshahi   14/06/1977 Heffer & sons     821.1 KEC V-1 1972 18/01/2020 C-5 Books